000 00857nam a2200217Ii 4500
003 JO-AjNU
008 230605s9999||||xx |||||||||||||| ||und||
017 _a1994/7/426
040 _aJO-AjNU
_bara
_erda
_cJO-AjNU
041 _aara
050 1 4 _aKMM394.6.S2278.1995
100 3 _aالسعيد، كامل ,
_eauthor
_931724
245 0 0 _aشرح قانون العقوبات : الجرائم الواقعة على الأخلاق والآداب العامة والأسرة " دراسة تحليلية مقارنة "
250 _aط1
264 3 1 _aعمان :مكتبة دار الثقافة ، 1995
300 _a267ص
336 _atext
_btxt
_2rdacontent
337 _aunmediated
_bn
_2rdamedia
338 _avolume
_bnc
_2rdacarrier
650 4 _aقانون العقوبات -- الأردن -- الجريمة والمجرمون -- الأردن
_931725
999 _aA12721
_c16289
_d16289